Manual of methods in aquatic environment research

সংরক্ষণ করুন:
গ্রন্থ-পঞ্জীর বিবরন
প্রধান লেখক: Reish, Donald L.
বিন্যাস: গ্রন্থ
ভাষা:Undetermined
প্রকাশিত: Rome FAO 1987
বিষয়গুলি:
ট্যাগগুলো: ট্যাগ যুক্ত করুন
কোনো ট্যাগ নেই, প্রথমজন হিসাবে ট্যাগ করুন!
Thư viện lưu trữ: Trung tâm Học liệu Trường Đại học Cần Thơ
LEADER 00598nam a2200193Ia 4500
001 CTU_159989
008 210402s9999 xx 000 0 und d
082 |a 333.956 
082 |b R375/P.10 
100 |a Reish, Donald L. 
245 0 |a Manual of methods in aquatic environment research 
245 0 |c By Donald L. Reish and Philip S. Oshida 
260 |a Rome 
260 |b FAO 
260 |c 1987 
650 |a Fish culture,Nghề cá 
650 |x Environmental aspects,Khía cạnh môi trường 
904 |i Hồng, Năm 
980 |a Trung tâm Học liệu Trường Đại học Cần Thơ